Decorative painting for the home : creating exciting effects with water-based paints
| Main Author: | |
|---|---|
| Format: | Book |
| Published: |
New York :
Sterling Publishing ,
1995
|
| Subjects: |
MARC
| LEADER | 00000cam a2200000 7i4500 | ||
|---|---|---|---|
| 001 | 0000007630 | ||
| 002 | 000008196 | ||
| 005 | 20000330.0 | ||
| 020 | |a 080690805X | ||
| 090 | 0 | 0 | |a 698.14 |b AND |
| 100 | 1 | |a Andre, Lee | |
| 245 | 1 | 0 | |a Decorative painting for the home : |b creating exciting effects with water-based paints |c by Lee Andre |
| 260 | |a New York : |b Sterling Publishing , |c 1995 | ||
| 300 | |a 144p. ; |c 25cm. | ||
| 650 | 0 | 0 | |a Texture painting |
| 999 | |a 051975 |b BUKU |c PINJAMAN |e PERPUSTAKAAN KOMUNITI PETALING JAYA | ||